000
00305nam a22001217a 4500
008
180517b xxu||||| |||| 00| 0 eng d
041
_a
eng
080
_a
043.3
100
_a
0
101
_a
SHP-BA
245
_a
Diplomacia Shqiptare pas Luftes se Dyte Boterore deri me sot
_c
Kelmendi, G
942
_2
udc
_c
BK
999
_c
45890
_d
45890